Participación de la mujer en la fuerza de trabajo : significado e implicaciones /

Збережено в:
Бібліографічні деталі
Автор: Rendón G., Jorge Leopoldo (autor)
Формат: Книга
Мова:Іспанська
Опубліковано: México : Centro Nacional de Información y Estadísticas del Trabajo, 1977, c1977
Серія:(Avances de Investigación del Centro Nacional de Información y Estadísticas del Trabajo ; 1)
Предмети:
Теги: Додати тег
Немає тегів, Будьте першим, хто поставить тег для цього запису!

MARC

LEADER 00000nam^a2200000^a^4500
001 000187801
005 20250521000000.0
009 20260310102314.19
037 |a Acervo ITESO - Biblioteca 
041 |a ESP 
082 |a 331. 411097252  |b REN 
100 |a Rendón G., Jorge Leopoldo  |e (autor) 
245 1 0 |a Participación de la mujer en la fuerza de trabajo :  |b significado e implicaciones /  |c J.L. Rendón G. 
264 4 |a México :  |b Centro Nacional de Información y Estadísticas del Trabajo,  |c 1977, c1977 
300 |a 110 p. 
336 |a texto  |b txt  |2 rdacontenido 
337 |a sin mediación  |b n  |2 rdamedio 
338 |a volumen  |b nc  |2 rdasoporte 
440 1 |a (Avances de Investigación del Centro Nacional de Información y Estadísticas del Trabajo ;  |v 1) 
649 |a XX 
650 |a Mujeres -  |z México (Estado) -  |x Condiciones Laborales 
650 |a Mujeres -  |z México -  |x Condiciones Laborales 
650 |a Mujeres -  |z México (Estado) -  |x Condiciones Económicas 
650 |a Mujeres -  |z México -  |x Condiciones Económicas 
650 |a Mujeres -  |z México (Estado) -  |x Estadísticas 
650 |a Mujeres -  |z México -  |x Estadísticas 
650 |a Población Económicamente Activa -  |z México (Estado) -  |x Estadísticas 
650 |a Población Económicamente Activa -  |z México -  |x Estadísticas 
650 |a Estructura Demográfica -  |z México (Estado) 
650 |a Estructura Demográfica -  |z México 
650 |a Demografía 
650 |a Economía Laboral 
650 |a México (Estado) -  |x Condiciones Económicas 
650 |a Economía -  |z México (Estado) -  |x Historia -  |y 1970-1976 
650 |a Economía -  |z México (Estado) -  |x Historia -  |y Siglo XX 
650 |a México -  |x Condiciones Económicas 
650 |a Economía -  |z México -  |x Historia -  |y 1970-1976 
650 |a Economía -  |z México -  |x Historia -  |y Siglo XX 
910 |a Fondo General 
920 |a Impresos - Libros 
930 |a Colección General 
905 |a 101 
901 |a 0500130023  |b IT1  |c ACC  |u 20250521 
902 |a https://opac.biblio.iteso.mx/vufind/Record/000187801